Accounting for Resources in Different Accounting Ways

Salvato in:
Dettagli Bibliografici
Autore principale: Kopčáková, Janka, 1994-
Natura: Capitolo di libro
Lingua:inglese
Soggetti:
Tags: Aggiungi Tag
Nessun Tag, puoi essere il primo ad aggiungerne!!

MARC

LEADER 00000naa$a2200000$$$4500
001 0269208
005 20240502074221.5
041 0 |a eng 
044 |a SK 
245 1 0 |a Accounting for Resources in Different Accounting Ways  |c Janka Kopčáková 
500 |a abstrakt 
610 2 0 |a účtovanie 
610 2 0 |a účtovníctvo 
610 2 0 |a jednotka účtovná 
610 2 0 |a metódy účtovné 
610 2 0 |a oceňovanie 
100 1 |a Kopčáková, Janka, 1994-